000 00283nam a2200133Ia 4500
100 _aAnshuman Kit
942 _cBK
654 _aiNSTRUCTION MANUAL
245 _aInstruction manual S1/ V51
260 _bEMCO(Xerox copy)
082 _a5.43
_bPAN
546 _aENGLISH
999 _c20519
_d20519